[Event "LLO18/19"]
[Site "Mecklenburg-Vorpommern"]
[Date "2019.01.20"]
[Round "5.1"]
[White "Burwitz, Joerg"]
[Black "Morejko, Wojciech"]
[Result "1/2-1/2"]
[WhiteElo "1727"]
[BlackElo "1737"]
[PlyCount "31"]
[EventDate "2018.??.??"]
[EventType "team-tourn"]
[EventRounds "9"]
[EventCountry "GER"]
[WhiteTeam "RUGIA Bergen"]
[BlackTeam "Ribnitz-Damgarten"]
[WhiteTeamCountry "GER"]
[BlackTeamCountry "GER"]

1. d4 Nf6 2. Nf3 g6 3. g3 Bg7 4. Bg2 d6 5. O-O O-O 6. c4 c6 7. Nc3 Qa5 8. d5
cxd5 9. cxd5 Nbd7 10. e4 Nc5 11. Re1 Bg4 12. h3 Bxf3 13. Bxf3 Nfd7 14. Bd2 Qd8
15. Be3 Rc8 16. Rc1 1/2-1/2

[Event "LLO18/19"]
[Site "Mecklenburg-Vorpommern"]
[Date "2019.01.20"]
[Round "5.2"]
[White "Eckermann, Klaus"]
[Black "Pawlick, Helmut"]
[Result "1/2-1/2"]
[WhiteElo "1743"]
[BlackElo "1834"]
[PlyCount "71"]
[EventDate "2018.??.??"]
[EventType "team-tourn"]
[EventRounds "9"]
[EventCountry "GER"]
[WhiteTeam "Ribnitz-Damgarten"]
[BlackTeam "RUGIA Bergen"]
[WhiteTeamCountry "GER"]
[BlackTeamCountry "GER"]

1. e4 c5 2. Nf3 Nc6 3. Bb5 e6 4. d4 cxd4 5. Nxd4 Nge7 6. O-O a6 7. Bxc6 Nxc6 8.
Nxc6 bxc6 9. c4 Qc7 10. Nc3 d6 11. Be3 Be7 12. Qd2 O-O 13. Rad1 Bb7 14. f3 Rad8
15. Qf2 c5 16. Qg3 Kh8 17. Rd2 f5 18. exf5 Rxf5 19. Qe1 d5 20. cxd5 exd5 21.
Bf2 Bd6 22. Bg3 Bxg3 23. Qxg3 Qxg3 24. hxg3 d4 25. Re1 Rff8 26. Na4 Rf5 27. b3
h6 28. g4 Rg5 29. Nb2 Bd5 30. Rc2 Bf7 31. Rec1 d3 32. Rd2 Bg6 33. Rcd1 h5 34.
gxh5 Rxh5 35. Kf2 Rhd5 36. Ke3 1/2-1/2

[Event "LLO18/19"]
[Site "Mecklenburg-Vorpommern"]
[Date "2019.01.20"]
[Round "5.3"]
[White "Tabbert, Dirk"]
[Black "Floegel, Thomas"]
[Result "0-1"]
[WhiteElo "1649"]
[BlackElo "1695"]
[PlyCount "82"]
[EventDate "2018.??.??"]
[EventType "team-tourn"]
[EventRounds "9"]
[EventCountry "GER"]
[WhiteTeam "RUGIA Bergen"]
[BlackTeam "Ribnitz-Damgarten"]
[WhiteTeamCountry "GER"]
[BlackTeamCountry "GER"]

{[%evp 0,82,25,-14,-14,-21,-4,1,1,-23,-23,-40,-8,-10,-17,-17,-18,-23,-6,4,27,
-27,-2,-31,-31,-39,-11,-30,-23,-71,2,-17,13,-27,-10,-43,-26,-46,-2,-64,-44,
-123,-100,-110,-75,-87,-94,-60,43,50,57,54,59,71,85,72,65,39,95,91,92,150,199,
216,294,251,305,125,300,104,111,26,-46,-412,-583,-583,-583,-583,-658,-608,-608,
-990,-990,-990,-990]} 1. c4 e6 2. Nc3 d5 3. cxd5 exd5 4. d4 Nf6 5. g3 Bf5 6.
Bg2 c6 7. Nf3 Nbd7 8. O-O Bd6 9. Nh4 Bg4 10. Qc2 O-O 11. Re1 Qb6 12. e3 Rfe8
13. Nf5 Bf8 14. a3 Bh5 15. Nh4 a5 16. Bh3 g5 17. Bxd7 Nxd7 18. Qf5 Qd8 19. Nf3
h6 20. Nd2 Bg6 21. Qf3 f5 22. b3 Bd6 23. Nxd5 $2 Bf8 $2 (23... cxd5 $1 24.
Qxd5+ Bf7 25. Qxd6 Ra6) 24. Nc3 Bg7 25. Bb2 Qb6 26. Qd1 Rad8 27. Nc4 Qc7 28.
Qc2 Kh8 29. f4 c5 30. d5 b6 31. g4 gxf4 32. gxf5 Bh7 33. e4 Bd4+ 34. Kg2 $2 (
34. Kh1 $18) 34... Nf6 35. Nb5 Qg7+ 36. Kf1 $2 (36. Kh1 $11) 36... Qg1+ 37. Ke2
Rxe4+ 38. Qxe4 Qf2+ 39. Kd1 Nxe4 40. Bxd4+ cxd4 41. Rxe4 Qf3+ 0-1

[Event "LLO18/19"]
[Site "Mecklenburg-Vorpommern"]
[Date "2019.01.20"]
[Round "5.4"]
[White "Dittschlag, Lothar"]
[Black "Pawlowicz, Karsten"]
[Result "0-1"]
[WhiteElo "1630"]
[BlackElo "1635"]
[PlyCount "96"]
[EventDate "2018.??.??"]
[EventType "team-tourn"]
[EventRounds "9"]
[EventCountry "GER"]
[WhiteTeam "Ribnitz-Damgarten"]
[BlackTeam "RUGIA Bergen"]
[WhiteTeamCountry "GER"]
[BlackTeamCountry "GER"]

1. e4 c5 2. Nf3 Nc6 3. d4 cxd4 4. Nxd4 a6 5. Nc3 e6 6. Be3 Bb4 7. Qd2 Nf6 8. f3
d5 9. Nxc6 bxc6 10. e5 Nd7 11. a3 Be7 12. f4 c5 13. Bf2 Bb7 14. Ne2 d4 15. c3
dxc3 16. Nxc3 Qc7 17. Qc2 Rc8 18. Rg1 Nb6 19. Be2 Nd5 20. g3 Nxc3 21. Qxc3 c4
22. Rc1 Bd5 23. Bd4 O-O 24. Rc2 Qb7 25. Rf1 f5 26. Bf3 Bxf3 27. Qxf3 Qb5 28.
Kf2 Rfd8 29. Bc3 Rd3 30. Qe2 Rcd8 31. Kg1 Qd5 32. Qg2 Qb5 33. Re2 Bc5+ 34. Kh1
Bd4 35. Bxd4 R3xd4 36. Rc2 Qb3 37. Rc3 Qb5 38. Rc2 Qa4 39. Qe2 Re4 40. Qf2 Rdd4
41. Rfc1 Qc6 42. Kg1 Qd5 43. Rf1 a5 44. Qg2 a4 45. Kh1 Rd1 46. Rc1 Rd2 47. Qf3
Rxb2 48. Rfd1 Re1+ 0-1

[Event "LLO18/19"]
[Site "Mecklenburg-Vorpommern"]
[Date "2019.01.20"]
[Round "5.5"]
[White "Behrens, Christoph"]
[Black "Wehrmann, Horst"]
[Result "1-0"]
[WhiteElo "1621"]
[BlackElo "1620"]
[PlyCount "69"]
[EventDate "2018.??.??"]
[EventType "team-tourn"]
[EventRounds "9"]
[EventCountry "GER"]
[WhiteTeam "RUGIA Bergen"]
[BlackTeam "Ribnitz-Damgarten"]
[WhiteTeamCountry "GER"]
[BlackTeamCountry "GER"]

1. e4 d5 2. exd5 Qxd5 3. Nc3 Qa5 4. Nf3 c6 5. a3 Nf6 6. b4 Qc7 7. h3 Bf5 8. d4
Nbd7 9. Bd3 Bxd3 10. Qxd3 e6 11. O-O Be7 12. Ne2 O-O 13. Re1 Rfd8 14. c3 a5 15.
Bd2 c5 16. Qb1 axb4 17. cxb4 cxb4 18. axb4 Qb6 19. Rxa8 Rxa8 20. b5 Nd5 21. Nc3
Nxc3 22. Bxc3 Nf6 23. Bb4 Nd5 24. Bxe7 Nxe7 25. Ng5 g6 26. Qe4 Rd8 27. Qh4 h5
28. Nxe6 fxe6 29. Qxe7 Qxd4 30. Rxe6 Qd3 31. Rxg6+ Qxg6 32. Qxd8+ Kg7 33. Qd7+
Kh6 34. Qxb7 Qe6 35. Qa6 1-0

[Event "LLO18/19"]
[Site "Mecklenburg-Vorpommern"]
[Date "2019.01.20"]
[Round "5.6"]
[White "Zierke, Udo"]
[Black "Scheel, Manfred"]
[Result "1/2-1/2"]
[WhiteElo "1624"]
[BlackElo "1611"]
[PlyCount "90"]
[EventDate "2018.??.??"]
[EventType "team-tourn"]
[EventRounds "9"]
[EventCountry "GER"]
[WhiteTeam "Ribnitz-Damgarten"]
[BlackTeam "RUGIA Bergen"]
[WhiteTeamCountry "GER"]
[BlackTeamCountry "GER"]

1. d4 d5 2. c4 dxc4 3. e3 Nf6 4. Bxc4 e6 5. Nc3 Be7 6. Nf3 O-O 7. O-O a6 8. Bd3
Nc6 9. a3 h6 10. Qc2 Bd6 11. e4 e5 12. d5 Ne7 13. Re1 Ng6 14. Be3 Ng4 15. Qd2
Nxe3 16. Qxe3 Nf4 17. Bf1 Bg4 18. Ne2 Ng6 19. h3 Bd7 20. Ng3 b6 21. b4 a5 22.
Qc3 axb4 23. axb4 Rxa1 24. Rxa1 Qe7 25. b5 Nf4 26. Ra7 Qd8 27. Qa1 Qe8 28. Qb2
f5 29. Bc4 fxe4 30. Nxe4 Qg6 31. Ng3 Nxh3+ 32. Kf1 Ng5 33. Nxg5 Qxg5 34. Ne4
Qh5 35. f3 Bh3 36. Be2 Be7 37. gxh3 Qxh3+ 38. Ke1 Bh4+ 39. Kd2 Rd8 40. Qxe5 Qh1
41. Rxc7 Qe1+ 42. Ke3 Qg1+ 43. Kd3 Qb1+ 44. Kd2 Qe1+ 45. Kd3 Qb1+ 1/2-1/2

[Event "LLO18/19"]
[Site "Mecklenburg-Vorpommern"]
[Date "2019.01.20"]
[Round "5.7"]
[White "Jepp, Wolfgang"]
[Black "Claus, Jens"]
[Result "1-0"]
[WhiteElo "1574"]
[BlackElo "1566"]
[PlyCount "163"]
[EventDate "2018.??.??"]
[EventType "team-tourn"]
[EventRounds "9"]
[EventCountry "GER"]
[WhiteTeam "RUGIA Bergen"]
[BlackTeam "Ribnitz-Damgarten"]
[WhiteTeamCountry "GER"]
[BlackTeamCountry "GER"]

1. e4 e5 2. Bc4 Bc5 3. d4 exd4 4. Bxf7+ Kxf7 5. Qh5+ Kf8 6. Qxc5+ d6 7. Qxd4
Nc6 8. Qc3 Qe7 9. f3 Qh4+ 10. g3 Qf6 11. Be3 Bd7 12. Ne2 Rc8 13. O-O Bh3 14.
Rf2 Qxc3 15. Nbxc3 Nf6 16. Nf4 Bd7 17. Rd1 a6 18. Nfd5 Nxd5 19. Nxd5 Kf7 20.
Nc3 Rhf8 21. Kg2 Ne5 22. Bd4 Nc6 23. Be3 Ne5 24. b3 Bc6 25. h3 Kg8 26. Re1 b5
27. Ne2 Bb7 28. Nd4 Rfe8 29. Kh2 Nd7 30. Nf5 Nf6 31. g4 g6 32. Nh6+ Kf8 33. g5
Nd7 34. Ng4 Kg7 35. Kg3 Re6 36. Rh1 Kf7 37. h4 c5 38. h5 Nf8 39. Rfh2 Rc7 40.
Nf6 Rxf6 41. gxf6 Kxf6 42. hxg6 hxg6 43. Bf4 Rd7 44. Re1 d5 45. e5+ Ke6 46. Rh8
Rf7 47. Bg5 d4 48. f4 Bd5 49. Bh6 Ke7 50. Bxf8+ Rxf8 51. Rxf8 Kxf8 52. Kg4 Be6+
53. Kg5 Bf5 54. Re2 Ke7 55. Rh2 Ke6 56. Rd2 Kf7 57. a3 Ke7 58. Re2 c4 59. bxc4
bxc4 60. Rd2 d3 61. cxd3 cxd3 62. Kh4 Ke6 63. Rb2 a5 64. Rb6+ Ke7 65. Rd6 Be4
66. Kg3 Bf5 67. Kf2 a4 68. Ke3 Ke8 69. Rxd3 Bxd3 70. Kxd3 Ke7 71. Kc3 Ke6 72.
Kb4 Kf5 73. Kxa4 Kxf4 74. e6 g5 75. e7 g4 76. e8=Q g3 77. Qb8+ Kf3 78. Qxg3+
Kxg3 79. Kb5 Kf4 80. a4 Ke5 81. a5 Kd6 82. Kb6 1-0

[Event "LLO18/19"]
[Site "Mecklenburg-Vorpommern"]
[Date "2019.01.20"]
[Round "5.8"]
[White "Ochei, Victor"]
[Black "Feldt, Horst"]
[Result "1-0"]
[WhiteElo "1377"]
[BlackElo "1561"]
[PlyCount "81"]
[EventDate "2018.??.??"]
[EventType "team-tourn"]
[EventRounds "9"]
[EventCountry "GER"]
[WhiteTeam "Ribnitz-Damgarten"]
[BlackTeam "RUGIA Bergen"]
[WhiteTeamCountry "GER"]
[BlackTeamCountry "GER"]

{[%evp 0,81,16,25,15,-20,12,17,17,7,23,-26,-26,-34,-24,-27,-7,-7,56,59,59,48,
65,18,29,29,31,21,21,21,18,-37,61,2,60,19,47,9,60,2,45,64,64,45,45,33,42,9,54,
27,45,-9,109,92,92,96,93,78,96,63,87,85,103,110,97,80,108,93,108,77,77,60,90,
99,270,276,268,102,105,418,450,450,450,356]} 1. d4 Nf6 2. c4 e5 3. dxe5 Ng4 4.
Nf3 Nc6 5. h3 Ngxe5 6. Nxe5 Nxe5 7. e3 Bb4+ 8. Bd2 Qe7 9. Nc3 c6 10. a3 Ba5 11.
b4 Bc7 12. Be2 O-O 13. O-O d6 14. f4 Ng6 15. e4 f6 16. Qc2 Bd7 17. Bh5 Be8 18.
Rab1 a6 19. Ne2 Nh8 20. Bg4 Bd7 21. Bxd7 Qxd7 22. Bc3 Nf7 23. Ng3 Qe6 24. Bb2
Rad8 25. Nh5 Nh8 26. f5 Qe7 27. Nf4 Rd7 28. Ne6 Rc8 29. Qe2 Nf7 30. Qg4 Ne5 31.
Bxe5 dxe5 32. Rf3 Kh8 33. Rg3 Rg8 34. h4 Qf7 35. Qe2 Bd8 36. Rd1 Qe7 37. Rgd3
Rxd3 38. Rxd3 Bc7 39. Qd2 Bb8 40. Rd7 Qe8 41. Nxg7 1-0

[Event "LLO18/19"]
[Site "Mecklenburg-Vorpommern"]
[Date "2019.02.24"]
[Round "6.1"]
[White "Greinert, Timo"]
[Black "Hoerhold, Martin"]
[Result "1/2-1/2"]
[WhiteElo "1827"]
[BlackElo "1798"]
[PlyCount "36"]
[EventDate "2018.??.??"]
[EventType "team-tourn"]
[EventRounds "9"]
[EventCountry "GER"]
[WhiteTeam "SAV Torgelow II"]
[BlackTeam "SG Neubrandenburg II"]
[WhiteTeamCountry "GER"]
[BlackTeamCountry "GER"]

1. c4 Nf6 2. Nc3 e5 3. g3 d5 4. cxd5 Nxd5 5. Bg2 Nb6 6. d3 Nc6 7. Bxc6+ bxc6 8.
Nf3 f6 9. h4 Bg4 10. Nh2 Be6 11. O-O Be7 12. Qc2 O-O 13. Nf3 c5 14. b3 Nd5 15.
Nxd5 Qxd5 16. Be3 Rab8 17. Rfc1 Rb4 18. Nd2 f5 1/2-1/2

[Event "LLO18/19"]
[Site "Mecklenburg-Vorpommern"]
[Date "2019.02.24"]
[Round "6.2"]
[White "Dupke, Andreas"]
[Black "Kilp, Gunnar"]
[Result "1/2-1/2"]
[WhiteElo "1748"]
[BlackElo "1677"]
[PlyCount "57"]
[EventDate "2018.??.??"]
[EventType "team-tourn"]
[EventRounds "9"]
[EventCountry "GER"]
[WhiteTeam "SG Neubrandenburg II"]
[BlackTeam "SAV Torgelow II"]
[WhiteTeamCountry "GER"]
[BlackTeamCountry "GER"]

1. e4 c5 2. Nf3 Nc6 3. d4 cxd4 4. Nxd4 d6 5. Nc3 Nf6 6. Be2 g6 7. Bg5 Bg7 8.
Qd2 O-O 9. O-O-O Nxd4 10. Qxd4 Qa5 11. f4 Ng4 12. e5 dxe5 13. Qd5 Qb6 14. Bxg4
Bxg4 15. Rde1 Be6 16. Qb5 exf4 17. Bxf4 Bxc3 18. Qxb6 axb6 19. Bh6 Ra4 20. Rxe6
Bxb2+ 21. Kxb2 fxe6 22. Bxf8 Kxf8 23. Rc1 e5 24. Rd1 Kf7 25. Rd5 Ke6 26. Rb5
Ra6 27. Kb3 e4 28. Kc3 Kd6 29. h4 1/2-1/2

[Event "LLO18/19"]
[Site "Mecklenburg-Vorpommern"]
[Date "2019.02.24"]
[Round "6.3"]
[White "Kilp, Andreas"]
[Black "Winkler, Karl"]
[Result "1/2-1/2"]
[WhiteElo "1683"]
[BlackElo "1759"]
[PlyCount "121"]
[EventDate "2018.??.??"]
[EventType "team-tourn"]
[EventRounds "9"]
[EventCountry "GER"]
[WhiteTeam "SAV Torgelow II"]
[BlackTeam "SG Neubrandenburg II"]
[WhiteTeamCountry "GER"]
[BlackTeamCountry "GER"]

1. e4 Nf6 2. Nc3 d6 3. d4 g6 4. Nf3 Bg7 5. Be2 O-O 6. O-O b6 7. Bg5 Bb7 8. Bd3
Nc6 9. a3 Nd7 10. Bc4 Kh8 11. Qd2 Qe8 12. Bh6 e5 13. Bxg7+ Kxg7 14. Rad1 Nxd4
15. Nxd4 exd4 16. Qxd4+ Qe5 17. Bd5 Bxd5 18. Nxd5 Rac8 19. Rfe1 Rfe8 20. f3
Qxd4+ 21. Rxd4 Nf6 22. Kf2 Nxd5 23. Rxd5 Re5 24. f4 Rxd5 25. exd5 Kf6 26. g4 g5
27. Kf3 h6 28. h3 Rh8 29. Kg3 Rc8 30. c3 Kg6 31. h4 Kf6 32. Re4 c5 33. fxg5+
hxg5 34. hxg5+ Kxg5 35. Re7 f5 36. gxf5 Kxf5 37. Rxa7 Ke4 38. Rb7 Kxd5 39. Rxb6
c4 40. Rb7 Rf8 41. Re7 Kc6 42. Re2 Kb5 43. Rf2 Re8 44. Rd2 Kc5 45. Kf3 d5 46.
Re2 Rb8 47. Ke3 Rb7 48. Rg2 Rb8 49. Rd2 Rh8 50. Re2 Rb8 51. Kf2 d4 52. cxd4+
Kxd4 53. Rd2+ Kc5 54. Rc2 Rb3 55. Ke2 Kd4 56. Kd1 c3 57. bxc3+ Rxc3 58. Rd2+
Rd3 59. Kc1 Rxd2 60. Kxd2 Kc4 61. Kc2 1/2-1/2

[Event "LLO18/19"]
[Site "Mecklenburg-Vorpommern"]
[Date "2019.02.24"]
[Round "6.4"]
[White "Rehbein, Hans Juergen"]
[Black "Schmidt, Paul1"]
[Result "1-0"]
[WhiteElo "1713"]
[BlackElo "1704"]
[PlyCount "83"]
[EventDate "2018.??.??"]
[EventType "team-tourn"]
[EventRounds "9"]
[EventCountry "GER"]
[WhiteTeam "SG Neubrandenburg II"]
[BlackTeam "SAV Torgelow II"]
[WhiteTeamCountry "GER"]
[BlackTeamCountry "GER"]

1. b3 Nf6 2. Bb2 g6 3. Nf3 Bg7 4. g3 d6 5. Bg2 O-O 6. O-O e5 7. d3 Nc6 8. Nbd2
Bd7 9. c4 Qc8 10. a3 Bh3 11. Qc2 Bxg2 12. Kxg2 a5 13. d4 exd4 14. Nxd4 Ne5 15.
N4f3 Re8 16. Nxe5 dxe5 17. e4 Qg4 18. f3 Qe6 19. Rad1 Rad8 20. Nb1 Nd7 21. Nc3
c6 22. Ne2 b5 23. c5 b4 24. Rd6 Qe7 25. axb4 axb4 26. Rxc6 Bf8 27. Rc7 Rc8 28.
Rxc8 Rxc8 29. c6 Nc5 30. Qc4 Rxc6 31. Rd1 Qc7 32. Qd5 Rd6 33. Qxe5 f6 34. Qf4
g5 35. Qc1 Ra6 36. Qc4+ Kg7 37. Nd4 Ra2 38. Rd2 Kg6 39. Qg8+ Bg7 40. Nf5 g4 41.
Qe8+ Qf7 42. Ne7+ 1-0

[Event "LLO18/19"]
[Site "Mecklenburg-Vorpommern"]
[Date "2019.02.24"]
[Round "6.5"]
[White "Schmekel, Felix"]
[Black "Buenz, Heinrich"]
[Result "1-0"]
[WhiteElo "1649"]
[BlackElo "1632"]
[PlyCount "187"]
[EventDate "2018.??.??"]
[EventType "team-tourn"]
[EventRounds "9"]
[EventCountry "GER"]
[WhiteTeam "SAV Torgelow II"]
[BlackTeam "SG Neubrandenburg II"]
[WhiteTeamCountry "GER"]
[BlackTeamCountry "GER"]

1. d4 Nf6 2. c4 e6 3. Nc3 Be7 4. Bg5 O-O 5. e3 d5 6. cxd5 exd5 7. Qc2 Be6 8.
Bd3 Nbd7 9. Nge2 c5 10. dxc5 Nxc5 11. O-O Rc8 12. Bxf6 Bxf6 13. Bxh7+ Kh8 14.
Bd3 d4 15. exd4 Bxd4 16. Nxd4 Qxd4 17. Be2 Qf6 18. Rad1 g6 19. Qd2 Kg7 20. Qd4
Rfe8 21. Qxf6+ Kxf6 22. b4 Nd7 23. Ne4+ Ke7 24. Nd6 Rc2 25. Nxe8 Rxe2 26. Nd6
Rxa2 27. Nxb7 Nb6 28. Rfe1 Kf6 29. Ra1 Rb2 30. Reb1 Rc2 31. Nc5 Bf5 32. h3 Nd5
33. g4 Bc8 34. Rxa7 Nc3 35. Re1 Ne2+ 36. Rxe2 Rxe2 37. Rc7 Be6 38. Rc6 Ke5 39.
Nxe6 fxe6 40. Kg2 g5 41. Kf3 Rb2 42. Rc5+ Kf6 43. Rb5 Rb3+ 44. Kg2 Rb2 45. Rb6
Ke5 46. Rb8 Kf6 47. b5 e5 48. b6 e4 49. b7 Kg7 50. Re8 Rxb7 51. Rxe4 Rb2 52.
Re5 Kg6 53. Rf5 Rb4 54. Kf3 Rb1 55. Kg2 Rb4 56. Ra5 Rb2 57. Ra6+ Kg7 58. Ra1
Rc2 59. Kg3 Rc3+ 60. f3 Rb3 61. Rh1 Kg6 62. h4 gxh4+ 63. Rxh4 Kg5 64. Rh5+ Kg6
65. Ra5 Rc3 66. Rd5 Ra3 67. Kf2 Rb3 68. f4 Ra3 69. Re5 Rb3 70. Re6+ Kf7 71. Re3
Rb1 72. g5 Rh1 73. Kf3 Rg1 74. Re2 Ra1 75. f5 Rg1 76. Rg2 Ra1 77. g6+ Kg8 78.
Kg4 Kg7 79. Kg5 Rf1 80. Rg4 Rf2 81. Rg3 Rf1 82. Ra3 Rg1+ 83. Kf4 Rf1+ 84. Ke4
Re1+ 85. Re3 Ra1 86. Ke5 Rf1 87. Rd3 Re1+ 88. Kd6 Kf6 89. Rg3 Rd1+ 90. Kc7 Re1
91. g7 Re7+ 92. Kd6 Rxg7 93. Rxg7 Kxg7 94. Ke7 1-0

[Event "LLO18/19"]
[Site "Mecklenburg-Vorpommern"]
[Date "2019.02.24"]
[Round "6.6"]
[White "Mietz, Wolfgang"]
[Black "Schmekel, Matthias"]
[Result "1-0"]
[WhiteElo "1714"]
[BlackElo "1588"]
[PlyCount "47"]
[EventDate "2018.??.??"]
[EventType "team-tourn"]
[EventRounds "9"]
[EventCountry "GER"]
[WhiteTeam "SG Neubrandenburg II"]
[BlackTeam "SAV Torgelow II"]
[WhiteTeamCountry "GER"]
[BlackTeamCountry "GER"]

1. d4 f5 2. c4 g6 3. Nc3 Bg7 4. g3 Nf6 5. Bg2 d6 6. Nf3 O-O 7. O-O Qe8 8. Nb5
Na6 9. Bd2 c6 10. Nc3 e5 11. Qc1 e4 12. Ng5 h6 13. Nh3 Kh7 14. f3 Nc7 15. Nf2
d5 16. Bf4 Nd7 17. Bxc7 Bxd4 18. cxd5 cxd5 19. Nxd5 e3 20. Nd3 Rf7 21. Bf4 Ne5
22. Nxe5 Bxe5 23. Qxe3 Rd7 24. Nf6+ 1-0

[Event "LLO18/19"]
[Site "Mecklenburg-Vorpommern"]
[Date "2019.02.24"]
[Round "6.7"]
[White "Wolfgramm, Theo"]
[Black "Peters, Hans Joachim"]
[Result "1-0"]
[WhiteElo "1648"]
[BlackElo "1592"]
[PlyCount "111"]
[EventDate "2018.??.??"]
[EventType "team-tourn"]
[EventRounds "9"]
[EventCountry "GER"]
[WhiteTeam "SAV Torgelow II"]
[BlackTeam "SG Neubrandenburg II"]
[WhiteTeamCountry "GER"]
[BlackTeamCountry "GER"]

1. e4 e6 2. d4 d5 3. exd5 exd5 4. Bd3 Bd6 5. Nc3 c6 6. Be3 Ne7 7. Nf3 Bf5 8.
Bxf5 Nxf5 9. Qe2 O-O 10. O-O-O b5 11. g4 Nxe3 12. fxe3 Nd7 13. h4 b4 14. Na4
Qa5 15. b3 Nb6 16. Qd3 Nxa4 17. bxa4 Qxa4 18. Ng5 Qa3+ 19. Qxa3 bxa3 20. Rd3
Rab8 21. Rb3 Rfe8 22. Kd2 Rb6 23. Rxb6 axb6 24. Kd3 b5 25. h5 f6 26. Nf3 h6 27.
Nd2 Rf8 28. Rg1 f5 29. g5 hxg5 30. Rxg5 Kh7 31. Nf3 Be7 32. Rg6 c5 33. dxc5
Bxc5 34. Ng5+ Kh8 35. Ne6 Rc8 36. Nxg7 Bb4 37. Rg2 Rg8 38. h6 Kh7 39. Rh2 Rf8
40. Ne6 Rc8 41. Ng5+ Kh8 42. h7 Rc7 43. Ne6 Rxh7 44. Rxh7+ Kxh7 45. Nd4 Kg6 46.
Nxb5 Kf6 47. Kd4 Ke6 48. Nc7+ Kd6 49. Nxd5 Bd2 50. c3 Bc1 51. c4 Bb2+ 52. Nc3
Kc6 53. Kd3 Kc5 54. Ne2 Be5 55. Nd4 f4 56. Ne6+ 1-0

[Event "LLO18/19"]
[Site "Mecklenburg-Vorpommern"]
[Date "2019.02.24"]
[Round "6.8"]
[White "Meyer, Detlef"]
[Black "Plock, Joerg"]
[Result "1-0"]
[WhiteElo "1714"]
[BlackElo "1536"]
[PlyCount "37"]
[EventDate "2018.??.??"]
[EventType "team-tourn"]
[EventRounds "9"]
[EventCountry "GER"]
[WhiteTeam "SG Neubrandenburg II"]
[BlackTeam "SAV Torgelow II"]
[WhiteTeamCountry "GER"]
[BlackTeamCountry "GER"]

1. e4 c5 2. Nf3 Nc6 3. d4 cxd4 4. Nxd4 Nf6 5. Nc3 e5 6. Ndb5 d6 7. Bg5 a6 8.
Bxf6 gxf6 9. Na3 b5 10. Nd5 Bg7 11. Qd2 O-O 12. O-O-O Be6 13. Kb1 Re8 14. f3
Rb8 15. c3 f5 16. Rg1 Qh4 17. g3 Qh6 18. Qxh6 Bxh6 19. Nf6+ 1-0

[Event "LLO18/19"]
[Site "Mecklenburg-Vorpommern"]
[Date "2019.02.24"]
[Round "6.1"]
[White "Vietinghoff, Klaus"]
[Black "Reinke, Thomas"]
[Result "1-0"]
[WhiteElo "1694"]
[BlackElo "1933"]
[PlyCount "93"]
[EventDate "2018.??.??"]
[EventType "team-tourn"]
[EventRounds "9"]
[EventCountry "GER"]
[WhiteTeam "FHSG Stralsund II"]
[BlackTeam "Motor Wolgast"]
[WhiteTeamCountry "GER"]
[BlackTeamCountry "GER"]

1. f4 f5 2. Nf3 Nf6 3. b3 g6 4. Bb2 Bg7 5. e3 O-O 6. Be2 b6 7. O-O Bb7 8. Qe1
e6 9. d3 Qe7 10. Ba3 d6 11. Bb2 Ng4 12. Bxg7 Qxg7 13. Nbd2 Nxe3 14. Ng5 Nxc2
15. Qf2 Qd4 16. Rac1 Qxf2+ 17. Kxf2 Nd4 18. Rxc7 Nxe2 19. Kxe2 Bxg2 20. Rg1 Bd5
21. Nxh7 Na6 22. Rxg6+ Kh8 23. Rd7 Nc5 24. Nxf8 Rxf8 25. Rxd6 Kh7 26. Rg3 Rf7
27. Rd8 Nd7 28. Rdg8 Nf6 29. R8g5 Kh8 30. Rh3+ Nh7 31. Rg1 Rc7 32. Nc4 Rg7 33.
Rhg3 Rxg3 34. Rxg3 Nf6 35. Ne5 Kh7 36. Ke3 a5 37. Nc4 Nd7 38. Kd4 Kh8 39. Ne3
Bc6 40. Rg1 Nc5 41. h4 Kh7 42. Nc4 Bb5 43. Rg3 Nd7 44. Ne5 Nc5 45. h5 Ba6 46.
Nf7 Bb5 47. h6 1-0

[Event "LLO18/19"]
[Site "Mecklenburg-Vorpommern"]
[Date "2019.02.24"]
[Round "6.2"]
[White "Riebort, Frank"]
[Black "Manke, Karsten"]
[Result "1/2-1/2"]
[WhiteElo "1870"]
[BlackElo "1719"]
[PlyCount "34"]
[EventDate "2018.??.??"]
[EventType "team-tourn"]
[EventRounds "9"]
[EventCountry "GER"]
[WhiteTeam "Motor Wolgast"]
[BlackTeam "FHSG Stralsund II"]
[WhiteTeamCountry "GER"]
[BlackTeamCountry "GER"]

1. d4 Nf6 2. c4 c5 3. d5 e6 4. Nc3 exd5 5. cxd5 d6 6. Nf3 a6 7. a4 Bf5 8. Qb3
Qc7 9. Bg5 Be7 10. e3 Nbd7 11. Be2 O-O 12. Nh4 Bg6 13. Nxg6 hxg6 14. O-O Rac8
15. Rfe1 Nh7 16. Bf4 Bf6 17. Rac1 Be5 1/2-1/2

[Event "LLO18/19"]
[Site "Mecklenburg-Vorpommern"]
[Date "2019.02.24"]
[Round "6.3"]
[White "Jabbusch, Burkhard"]
[Black "Rosin, Ralf"]
[Result "0-1"]
[WhiteElo "1631"]
[BlackElo "1757"]
[PlyCount "84"]
[EventDate "2018.??.??"]
[EventType "team-tourn"]
[EventRounds "9"]
[EventCountry "GER"]
[WhiteTeam "FHSG Stralsund II"]
[BlackTeam "Motor Wolgast"]
[WhiteTeamCountry "GER"]
[BlackTeamCountry "GER"]

1. d4 e6 2. c4 f5 3. Nf3 Nf6 4. Nc3 Be7 5. e3 O-O 6. Bd3 c6 7. Qc2 d5 8. Bd2
Ne4 9. Ne5 Nd7 10. f3 Nxe5 11. dxe5 Nxd2 12. Qxd2 dxc4 13. Bxc4 Qxd2+ 14. Kxd2
b5 15. Bb3 a5 16. a3 Kf7 17. Rhd1 a4 18. Bc2 Ba6 19. g3 Bc5 20. Re1 Rfd8+ 21.
Kc1 Rd7 22. e4 g6 23. exf5 gxf5 24. Bxf5 Rd4 25. Be4 Rc8 26. Kc2 Be7 27. Rad1
c5 28. Ne2 Rc4+ 29. Kb1 b4 30. Bd3 bxa3 31. Bxc4 Bxc4 32. Nc3 Rb8 33. Rd2 Bb3
34. Re4 c4 35. Ka1 axb2+ 36. Rxb2 Rd8 37. Ree2 Rd3 38. Ne4 c3 39. Rb1 c2 40.
Rc1 Rd1 41. Re1 Rxc1+ 42. Rxc1 Ba3 0-1

[Event "LLO18/19"]
[Site "Mecklenburg-Vorpommern"]
[Date "2019.02.24"]
[Round "6.4"]
[White "Klotzsche, Stefan"]
[Black "Vlach, Michael"]
[Result "1-0"]
[WhiteElo "1720"]
[BlackElo "1595"]
[PlyCount "39"]
[EventDate "2018.??.??"]
[EventType "team-tourn"]
[EventRounds "9"]
[EventCountry "GER"]
[WhiteTeam "Motor Wolgast"]
[BlackTeam "FHSG Stralsund II"]
[WhiteTeamCountry "GER"]
[BlackTeamCountry "GER"]

1. Nf3 d5 2. d4 Nf6 3. g3 Bg4 4. Bg2 Nbd7 5. O-O e6 6. b3 Be7 7. Bb2 b5 8. Nbd2
Rb8 9. Re1 O-O 10. Qc1 b4 11. Ne5 Nxe5 12. dxe5 Nd7 13. c4 bxc3 14. Qxc3 Bb4
15. Qd4 Qg5 16. f4 c5 17. Qxb4 Qh6 18. Qa4 Nb6 19. Qa6 Qg6 20. Rac1 1-0

[Event "LLO18/19"]
[Site "Mecklenburg-Vorpommern"]
[Date "2019.02.24"]
[Round "6.5"]
[White "Klinger, Clemens"]
[Black "Ploch, Gregor"]
[Result "0-1"]
[WhiteElo "1583"]
[BlackElo "1650"]
[PlyCount "52"]
[EventDate "2018.??.??"]
[EventType "team-tourn"]
[EventRounds "9"]
[EventCountry "GER"]
[WhiteTeam "FHSG Stralsund II"]
[BlackTeam "Motor Wolgast"]
[WhiteTeamCountry "GER"]
[BlackTeamCountry "GER"]

1. e4 e6 2. d4 d5 3. Nc3 Nf6 4. Bg5 Be7 5. e5 Nfd7 6. Bxe7 Qxe7 7. f4 O-O 8.
Nf3 c5 9. Nb5 Nc6 10. Nd6 Nxd4 11. Nxd4 cxd4 12. Qxd4 f6 13. c4 fxe5 14. fxe5
Qg5 15. cxd5 Nxe5 16. Ne4 Qh4+ 17. g3 Nf3+ 18. Kd1 Qd8 19. Qd3 exd5 20. Nc3 Bg4
21. Qxd5+ Qxd5+ 22. Nxd5 Rad8 23. Bc4 Be6 24. Ke2 Nd4+ 25. Ke3 Nf5+ 26. Kd3
Bxd5 0-1